| 000 | 01139nam a22003377a 4500 | ||
|---|---|---|---|
| 003 | CHAP | ||
| 005 | 20220817042548.0 | ||
| 008 | 971013c19851976 r 00010 d | ||
| 010 | _a48152 | ||
| 011 | _a49124 | ||
| 035 | _a53272 | ||
| 040 | _cCHAP | ||
| 082 |
_a512 _bR52Y |
||
| 100 | 0 | 0 |
_aRich, Barnett. _997237 |
| 245 | _aTeoría y problemas de álgebra elemental moderna | ||
| 260 |
_aMéxico, D. F. : _bMcGraw-Hill, _c1985 (c.1976) |
||
| 300 |
_a392 p. _b: ilus. ; gráfs. |
||
| 490 | _aSerie de Compendios Schaum | ||
| 590 |
_aBATCH-UPD _b10 _c20130110 _lUCH01 _h0058 |
||
| 590 |
_aBATCH-UPD _b10 _c20130110 _lUCH01 _h1551 |
||
| 590 |
_aBATCH-UPD _b10 _c20130410 _lUCH01 _h0949 |
||
| 590 |
_aBATCH-UPD _b10 _c20130914 _lUCH01 _h1845 |
||
| 590 |
_aCONVERSION _b10 _c20130109 _lUCH01 _h1326 |
||
| 650 | 1 | 4 |
_aÁlgebra. _982391 |
| 830 | 0 | _aSerie de Compendios Schaum | |
| 901 | _aBK | ||
| 942 | _cLIBRO | ||
| 949 |
_a512 R52Y _bBC _cLIBRO _d33724000408654 _eLIBRO _h64444 _i53272 _si |
||
| 949 |
_a512 R52Y _bBC _cLIBRO _d33724000901377 _eLIBRO _fc.3 _h64446 _i53272 _si |
||
| 949 |
_a512 R52Y _bBC _cLIBRO _d33724000914404 _eLIBRO _fc.2 _h64445 _i53272 _si |
||
| 999 |
_c48152 _d48152 |
||